Statistics for Billie Eilish - i love you Lyrics

Click here to take the quiz!

General Stats

  • This quiz has been taken 1,138 times
  • The average score is 156 of 182

Answer Stats

Lyric% Correct
i
100%
to
99%
you
99%
do
97%
do?
97%
love
97%
me
97%
a
96%
it
96%
the
95%
when
95%
not
94%
dont
93%
don't
93%
want
93%
did
92%
it's
91%
like
91%
tell
91%
been
90%
lie
90%
say
90%
we
90%
i've
89%
true
89%
and
88%
cry
88%
in
88%
lied
88%
what
88%
never
87%
hell
86%
make
86%
nothing
85%
but
84%
didn't
84%
mean
84%
try
84%
see
83%
type
83%
right
82%
crying
81%
isn't
81%
through
81%
laugh
80%
let
80%
someone
80%
maybe
79%
take
79%
back
77%
were
77%
your
76%
that
73%
change
72%
Central
71%
on
71%
Park
71%
trying
71%
way
71%
night
70%
won't
70%
all
69%
apart
69%
can't
69%
could
69%
fly
69%
good
69%
has
69%
arms
68%
fall
68%
just
68%
today
68%
up
68%
wish
68%
as
67%
dying
67%
gets
67%
should
67%
smile
67%
dark
66%
even
66%
gave
66%
i'm
66%
learned
66%
red
66%
felt
65%
there's
65%
another
64%
or
64%
eye
63%
ourselves
63%
escape
62%
baby
55%

Score Distribution

Percentile by Number Answered

Percent of People with Each Score

Your Score History

You have not taken this quiz